Publicidad: técnicas y métodos en Chile

保存先:
書誌詳細
第一著者: Herrera, Mónica (著者)
フォーマット: 図書
言語:スペイン語
出版事項: Santiago Universitaria 1995
版:8a. ed
シリーズ:Colección Manuales y Monografías
主題:
タグ: タグ追加
タグなし, このレコードへの初めてのタグを付けませんか!

MARC

LEADER 00000cam a2200000 a 4500
001 UCZ9496
003 CL-VaPUC
008 960308e19950000CL |||||||||||||||||spa|d
020 |a 9561102357 
082 0 4 |a 659.983  |b HER  |2 21 
100 0 |a Herrera, Mónica  |e author  |9 354513 
245 1 0 |a Publicidad: técnicas y métodos en Chile 
250 |a 8a. ed 
300 |a 180 p 
942 |c BK 
945 |d 19960308 00:00:00  |a rleighto 
260 |a Santiago  |b Universitaria  |c 1995 
650 0 |a Publicidad  |9 314572 
650 0 |a Comunicación   |9 257251 
650 0 |a Agencias de publicidad   |9 362593 
650 0 |a Administración  |9 259325 
650 0 |a Mercado  |9 321497 
650 0 |a Producción   |9 263680 
650 0 |a Ventas  |9 259323 
650 7 |a TECNICAS  |2 CL-VaPUC  |9 315860 
650 7 |a METODOS  |2 CL-VaPUC  |9 335948 
651 7 |a CHILE  |2 CL-VaPUC  |9 354515 
583 |a last modification  |c 20170529 10:50:08  |k Rodrigo Vera 
490 0 |a Colección Manuales y Monografías 
999 |c 244797  |d 244795 
952 |0 0  |1 0  |4 0  |6 659_983000000000000_HER_1995  |7 0  |8 A  |9 258993  |a BIBCUR  |b BIBCUR  |d 2019-11-19  |i 3173607  |o 659.983 HER 1995  |p 3173607  |r 2025-04-22  |w 2019-11-19  |y BK  |k PER